THE LITTLE RABBIT WHO WANTED RED WINGS (Record no. 679282)

MARC details
000 -LEADER
fixed length control field 00273nam a2200109Ia 4500
008 - FIXED-LENGTH DATA ELEMENTS--GENERAL INFORMATION
fixed length control field 220623s9999 xx 000 0 und d
020 ## - INTERNATIONAL STANDARD BOOK NUMBER
International Standard Book Number <a href="1555468268">1555468268</a>
082 ## - DEWEY DECIMAL CLASSIFICATION NUMBER
Classification number EJF BAIL
942 ## - ADDED ENTRY ELEMENTS
Creator ID 561
Creator Name John Tresidder
Modifier ID 561
Modifier Name John Tresidder
100 ## - MAIN ENTRY--PERSONAL NAME
Personal name BAILEY , C.S
245 #4 - TITLE STATEMENT
Title THE LITTLE RABBIT WHO WANTED RED WINGS
942 ## - ADDED ENTRY ELEMENTS
item type Books

No items available.